KEPELBAGAIAN biologi dan pengurusan Taman Negeri Perlis : persekitaran fizikal, biologi dan sosial Wang Mu .

Bibliographic Details
Corporate Author: Malaysia
Other Authors: A. Latiff
Format: Book
Published: Kangar, Perlis : Jabatan Perhutanan Negeri Perlis , 2002
Subjects:

MARC

LEADER 00000cam a2200000 7i4500
001 0000001923
005 20040326.0
020 0 0 |a 9834065329 
090 0 0 |a JPSM 333.9516   |b KEP 2002 
245 0 0 |a KEPELBAGAIAN biologi dan pengurusan Taman Negeri Perlis : persekitaran fizikal, biologi dan sosial Wang Mu .   |l Biodiversity and management of Perlis State Park : physical, biological and social environments of Wang Mu   |c disunting oleh A. Latiff ... (et al.) 
260 0 0 |a Kangar, Perlis :   |b Jabatan Perhutanan Negeri Perlis ,   |c 2002 
300 |a 406 p. :   |b ill., maps ;   |c 26 cm. 
500 0 0 |a Includes bibliographical references 
650 0 0 |a Biological diversity conservation   |z Perlis 
650 0 0 |a Biological diversity   |z Perlis 
700 0 1 |a A. Latiff 
710 1 1 |a Malaysia ,   |c Jabatan Perhutanan Negeri Perlis 
710 1 1 |a Malaysia ,   |c Taman Negeri Perlis 
998 |a JPSM 
999 |a 0000003144   |b Monograph   |c Reference   |e Default branch 
999 |a 0000004408   |b Monograph   |c Open Shelf   |e Default branch 
999 |a 0000005577   |b Monograph   |c Open Shelf   |e Default branch